000 00343nam a22001337a 4500
040 _cNust
082 _a621.381
_bMAL'E
100 _aMalvino
_977106
245 _aElectronic principles
250 _a5th edition
260 _aNew York:
_bMcGraw Hill interest edition,
_c1993.
650 _aElectronic principles
_991802
942 _2ddc
_cBK
999 _c612486
_d612486